00794nam a2200205Ia 450000500170000000800410001708200210005811000450007924500670012425000190019130000420021060000640025261000610031665000440037726400440042133600270046533700330049233800280052504000350055320220317001234.0160825s1997 ck a g 000 0 spa 04aR 708.074bB31l 2 aBiblioteca Luis Ángel Arango. Bogotá10aLuciano Jaramillobotra miradacBiblioteca Luis Ángel Arango a1a. edición  a88 páginas bilustraciones c22 cm 14aJaramillo, Luciano d1958-1984vCatálogos vExposiciones  aBiblioteca Luis Ángel Arango (Bogotá)vExposiciones 142LEMBaPintura colombianavExposiciones  aBogotábBanco de la Repúblicac1997 atextobtxt2rdacontent asin mediaciónbn2rdamedia avolumenbnc2rdacarrier aCO-BoRNBPbspaerdacCO-BoRNBP